[Event "European Youth Chess Championship B18"]
[Site "Prague, Top Hotel Prague"]
[Date "2012.08.20"]
[Round "4.1"]
[White "Mammadov, Zaur"]
[Black "Moiseenko, Vadim"]
[Result "0-1"]
[WhiteElo "2431"]
[BlackElo "2454"]
[PlyCount "0"]
[EventDate "2012.08.17"]

1. e4 {[%clk 1:30:46]} e6 {[%clk 1:30:55]} 2. d4 {[%clk 1:30:54]} d5
{[%clk 1:31:21]} 3. Nc3 {[%clk 1:29:06]} Bb4 {[%clk 1:31:34]} 4. Nge2
{[%clk 1:29:21]} dxe4 {[%clk 1:31:06]} 5. a3 {[%clk 1:29:26]} Bxc3+
{[%clk 1:24:59]} 6. Nxc3 {[%clk 1:29:23]} Nc6 {[%clk 1:24:08]} 7. Bb5
{[%clk 1:29:25]} Nge7 {[%clk 1:24:19]} 8. Bg5 {[%clk 1:23:09]} f6
{[%clk 1:21:50]} 9. Be3 {[%clk 1:22:42]} O-O {[%clk 1:19:48]} 10. Qd2
{[%clk 1:06:39]} f5 {[%clk 1:09:43]} 11. f3 {[%clk 1:05:58]} f4 {[%clk 0:43:32]}
12. Bxf4 {[%clk 1:06:15]} exf3 {[%clk 0:43:59]} 13. O-O-O {[%clk 1:05:32]} fxg2
{[%clk 0:44:23]} 14. Rhg1 {[%clk 1:05:15]} Ng6 {[%clk 0:25:47]} 15. Bg5
{[%clk 1:02:37]} Qd6 {[%clk 0:25:52]} 16. Rxg2 {[%clk 0:59:38]} e5
{[%clk 0:25:03]} 17. Bc4+ {[%clk 0:56:46]} Kh8 {[%clk 0:25:15]} 18. Nb5
{[%clk 0:57:15]} Qd7 {[%clk 0:25:07]} 19. d5 {[%clk 0:57:40]} Nd4
{[%clk 0:17:13]} 20. Nxd4 {[%clk 0:57:21]} exd4 {[%clk 0:17:40]} 21. Qxd4
{[%clk 0:57:35]} Qh3 {[%clk 0:18:06]} 22. Rdg1 {[%clk 0:56:46]} Bf5
{[%clk 0:18:30]} 23. Bd2 {[%clk 0:56:48]} c5 {[%clk 0:17:22]} 24. dxc6
{[%clk 0:55:27]} Rad8 {[%clk 0:17:11]} 25. Qc3 {[%clk 0:50:53]} bxc6
{[%clk 0:16:09]} 26. Qxh3 {[%clk 0:49:46]} Bxh3 {[%clk 0:16:36]} 27. Rg3
{[%clk 0:50:15]} Bf5 {[%clk 0:11:43]} 28. Bc3 {[%clk 0:49:01]} Be4
{[%clk 0:12:07]} 29. Rg4 {[%clk 0:42:17]} Bf3 {[%clk 0:11:14]} 30. Rg5
{[%clk 0:41:29]} Be4 {[%clk 0:10:43]} 31. h4 {[%clk 0:36:44]} Rf2
{[%clk 0:10:40]} 32. Bb3 {[%clk 0:27:04]} h6 {[%clk 0:10:45]} 33. R5g4
{[%clk 0:27:05]} Bf5 {[%clk 0:07:41]} 34. Ra4 {[%clk 0:25:29]} Rd7
{[%clk 0:06:22]} 35. Rb4 {[%clk 0:25:58]} Kh7 {[%clk 0:05:24]} 36. Rb8
{[%clk 0:18:16]} h5 {[%clk 0:05:50]} 37. Kb1 {[%clk 0:17:27]} Bg4
{[%clk 0:03:03]} 38. Re1 {[%clk 0:13:51]} Nxh4 {[%clk 0:02:30]} 39. Ree8
{[%clk 0:13:19]} Ng6 {[%clk 0:02:15]} 40. Be6 {[%clk 0:39:58]} Bxe6
{[%clk 0:31:53]} 41. Rxe6 {[%clk 0:40:28]} h4 {[%clk 0:30:15]} 42. Re3
{[%clk 0:38:12]} Nf4 {[%clk 0:28:12]} 43. Be5 {[%clk 0:37:03]} g5
{[%clk 0:25:22]} 44. Rc3 {[%clk 0:37:11]} Ng6 {[%clk 0:25:14]} 45. Re3
{[%clk 0:32:05]} Re7 {[%clk 0:23:52]} 46. Bd4 {[%clk 0:32:22]} Rxe3
{[%clk 0:24:13]} 47. Bxe3 {[%clk 0:32:51]} Rf1+ {[%clk 0:24:33]} 48. Ka2
{[%clk 0:33:20]} h3 {[%clk 0:24:18]} 0-1

[Event "European Youth Chess Championship B18"]
[Site "Prague, Top Hotel Prague"]
[Date "2012.08.20"]
[Round "4.3"]
[White "Dragun, Kamil"]
[Black "Handler, Lukas"]
[Result "1-0"]
[WhiteElo "2465"]
[BlackElo "2368"]
[PlyCount "0"]
[EventDate "2012.08.17"]

1. d4 {[%clk 1:30:57]} Nf6 {[%clk 1:30:52]} 2. c4 {[%clk 1:31:19]} e6
{[%clk 1:31:16]} 3. g3 {[%clk 1:31:32]} d5 {[%clk 1:31:26]} 4. Nf3
{[%clk 1:31:44]} Bb4+ {[%clk 1:31:48]} 5. Bd2 {[%clk 1:28:54]} Be7
{[%clk 1:32:07]} 6. Bg2 {[%clk 1:28:19]} O-O {[%clk 1:31:41]} 7. Qc2
{[%clk 1:26:25]} c6 {[%clk 1:31:52]} 8. O-O {[%clk 1:26:41]} b6 {[%clk 1:32:05]}
9. Bf4 {[%clk 1:21:45]} Nbd7 {[%clk 1:27:26]} 10. Nc3 {[%clk 1:10:48]} Ba6
{[%clk 1:25:14]} 11. Ne5 {[%clk 1:04:00]} Nxe5 {[%clk 1:17:37]} 12. dxe5
{[%clk 1:04:15]} Nd7 {[%clk 1:17:22]} 13. cxd5 {[%clk 1:00:14]} cxd5
{[%clk 1:17:34]} 14. Rfd1 {[%clk 1:00:29]} Qc7 {[%clk 1:08:10]} 15. Rac1
{[%clk 1:00:19]} Bb4 {[%clk 0:57:16]} 16. Qa4 {[%clk 0:56:21]} Bxc3
{[%clk 0:50:57]} 17. Qxa6 {[%clk 0:56:45]} Nc5 {[%clk 0:51:17]} 18. Qa3
{[%clk 0:57:04]} Bxe5 {[%clk 0:51:10]} 19. b4 {[%clk 0:57:25]} Bxf4
{[%clk 0:51:29]} 20. gxf4 {[%clk 0:57:50]} Qxf4 {[%clk 0:51:44]} 21. bxc5
{[%clk 0:58:14]} bxc5 {[%clk 0:51:41]} 22. Rxc5 {[%clk 0:58:15]} h5
{[%clk 0:51:07]} 23. Ra5 {[%clk 0:50:48]} f5 {[%clk 0:44:07]} 24. Rxa7
{[%clk 0:50:20]} Rxa7 {[%clk 0:40:59]} 25. Qxa7 {[%clk 0:50:48]} Qc4
{[%clk 0:40:46]} 26. Bf3 {[%clk 0:48:49]} h4 {[%clk 0:40:15]} 27. a4
{[%clk 0:49:00]} h3 {[%clk 0:39:13]} 28. a5 {[%clk 0:46:21]} Qc2 {[%clk 0:34:42]}
29. Qd4 {[%clk 0:42:14]} Rc8 {[%clk 0:34:10]} 30. e3 {[%clk 0:39:28]} Rc4
{[%clk 0:32:28]} 31. Qe5 {[%clk 0:39:01]} Kf7 {[%clk 0:32:05]} 32. Qg3
{[%clk 0:38:18]} Qa4 {[%clk 0:23:33]} 33. Kh1 {[%clk 0:34:22]} Qxa5
{[%clk 0:20:00]} 34. Bh5+ {[%clk 0:34:44]} Kg8 {[%clk 0:19:32]} 35. Qb8+
{[%clk 0:34:59]} 1-0

[Event "European Youth Chess Championship B18"]
[Site "Prague, Top Hotel Prague"]
[Date "2012.08.20"]
[Round "4.4"]
[White "Meskovs, Nikita"]
[Black "Forcen Esteban, Daniel"]
[Result "1/2-1/2"]
[WhiteElo "2347"]
[BlackElo "2440"]
[PlyCount "0"]
[EventDate "2012.08.17"]

1. Nf3 {[%clk 1:30:57]} g6 {[%clk 1:29:19]} 2. d4 {[%clk 1:30:16]} Nf6
{[%clk 1:29:43]} 3. c4 {[%clk 1:30:35]} Bg7 {[%clk 1:30:08]} 4. Nc3
{[%clk 1:30:58]} O-O {[%clk 1:30:34]} 5. e4 {[%clk 1:31:22]} d6 {[%clk 1:31:02]}
6. h3 {[%clk 1:31:42]} e5 {[%clk 1:28:41]} 7. d5 {[%clk 1:32:05]} a5
{[%clk 1:29:06]} 8. Bg5 {[%clk 1:32:30]} Na6 {[%clk 1:29:14]} 9. g4
{[%clk 1:32:41]} Qe8 {[%clk 1:29:39]} 10. Nd2 {[%clk 1:32:24]} Nd7
{[%clk 1:30:04]} 11. Rg1 {[%clk 1:22:44]} Ndc5 {[%clk 1:30:10]} 12. Be2
{[%clk 1:20:31]} Kh8 {[%clk 1:30:23]} 13. Nf1 {[%clk 1:16:41]} f5
{[%clk 1:21:09]} 14. gxf5 {[%clk 0:49:32]} gxf5 {[%clk 1:21:30]} 15. Ng3
{[%clk 0:49:52]} fxe4 {[%clk 1:06:19]} 16. Nh5 {[%clk 0:43:06]} Bf5
{[%clk 0:45:34]} 17. Nxg7 {[%clk 0:30:48]} Kxg7 {[%clk 0:45:59]} 18. Qc1
{[%clk 0:31:11]} Kh8 {[%clk 0:45:59]} 19. Bh4 {[%clk 0:30:22]} Bg6
{[%clk 0:44:42]} 20. Qh6 {[%clk 0:21:41]} Qf7 {[%clk 0:45:08]} 21. Rg4
{[%clk 0:20:01]} Nb4 {[%clk 0:45:05]} 22. Kd2 {[%clk 0:18:46]} Nbd3
{[%clk 0:36:55]} 23. Bxd3 {[%clk 0:18:59]} exd3 {[%clk 0:36:52]} 24. Rag1
{[%clk 0:18:50]} Rg8 {[%clk 0:37:21]} 25. f4 {[%clk 0:19:19]} Nd7
{[%clk 0:33:08]} 26. fxe5 {[%clk 0:16:40]} dxe5 {[%clk 0:33:12]} 27. R1g2
{[%clk 0:16:16]} Raf8 {[%clk 0:29:06]} 28. c5 {[%clk 0:15:46]} c6
{[%clk 0:28:55]} 29. d6 {[%clk 0:15:34]} Qe6 {[%clk 0:28:24]} 30. Be7
{[%clk 0:14:21]} Rf3 {[%clk 0:27:59]} 31. h4 {[%clk 0:13:22]} Qf7
{[%clk 0:22:05]} 32. Nd1 {[%clk 0:10:54]} Rf5 {[%clk 0:21:43]} 33. Qe3
{[%clk 0:10:06]} Nf6 {[%clk 0:19:01]} 34. Rg5 {[%clk 0:07:54]} Ne4+
{[%clk 0:16:35]} 35. Qxe4 {[%clk 0:08:23]} Rxg5 {[%clk 0:16:59]} 36. Rf2
{[%clk 0:08:21]} Qxe7 {[%clk 0:10:23]} 37. Qe3 {[%clk 0:07:42]} Qd8
{[%clk 0:08:42]} 38. hxg5 {[%clk 0:08:01]} Re8 {[%clk 0:07:23]} 39. Rf6
{[%clk 0:08:29]} Qd7 {[%clk 0:06:52]} 40. Qf2 {[%clk 0:38:19]} Kg8
{[%clk 0:37:14]} 41. Ne3 {[%clk 0:32:17]} e4 {[%clk 0:37:39]} 42. Qh4
{[%clk 0:28:49]} b5 {[%clk 0:28:43]} 43. Ke1 {[%clk 0:28:13]} Qa7
{[%clk 0:28:47]} 44. Qh6 {[%clk 0:02:14]} Qxc5 {[%clk 0:21:13]} 45. Rxg6+
{[%clk 0:02:34]} hxg6 {[%clk 0:21:40]} 46. Qxg6+ {[%clk 0:02:58]} Kf8
{[%clk 0:22:07]} 47. Qf6+ {[%clk 0:03:13]} Kg8 {[%clk 0:22:33]} 48. Qg6+ 1/2-1/2

[Event "European Youth Chess Championship B18"]
[Site "Prague, Top Hotel Prague"]
[Date "2012.08.20"]
[Round "4.5"]
[White "Danilenko, Dmitriy"]
[Black "Pardo Simon, David"]
[Result "1-0"]
[WhiteElo "2395"]
[BlackElo "2430"]
[PlyCount "0"]
[EventDate "2012.08.17"]

1. e4 {[%clk 1:30:58]} c5 {[%clk 1:30:41]} 2. Nf3 {[%clk 1:31:16]} e6
{[%clk 1:30:49]} 3. d4 {[%clk 1:31:09]} cxd4 {[%clk 1:31:05]} 4. Nxd4
{[%clk 1:31:33]} a6 {[%clk 1:30:58]} 5. Bd3 {[%clk 1:31:14]} Nf6 {[%clk 1:31:13]}
6. O-O {[%clk 1:31:19]} e5 {[%clk 1:31:38]} 7. Nb3 {[%clk 1:31:31]} Nc6
{[%clk 1:31:20]} 8. c4 {[%clk 1:29:36]} a5 {[%clk 1:28:56]} 9. Nc3
{[%clk 1:23:25]} a4 {[%clk 1:28:55]} 10. Nd2 {[%clk 1:23:51]} a3 {[%clk 1:28:04]}
11. Nd5 {[%clk 1:24:11]} h6 {[%clk 1:26:44]} 12. Nb3 {[%clk 1:21:16]} axb2
{[%clk 1:13:46]} 13. Bxb2 {[%clk 1:21:40]} Ba3 {[%clk 1:13:34]} 14. Bc3
{[%clk 1:16:13]} d6 {[%clk 1:05:18]} 15. f4 {[%clk 0:58:13]} Nd7 {[%clk 1:00:20]}
16. Kh1 {[%clk 0:58:22]} Ne7 {[%clk 0:48:23]} 17. Qe1 {[%clk 0:43:23]} O-O
{[%clk 0:36:37]} 18. Qg3 {[%clk 0:25:36]} Kh8 {[%clk 0:36:23]} 19. Rae1
{[%clk 0:24:10]} b6 {[%clk 0:32:06]} 20. Nd2 {[%clk 0:18:07]} Bc5
{[%clk 0:28:58]} 21. Ra1 {[%clk 0:13:08]} Ra7 {[%clk 0:18:25]} 22. a4
{[%clk 0:11:02]} Nxd5 {[%clk 0:14:44]} 23. cxd5 {[%clk 0:10:06]} Bd4
{[%clk 0:11:22]} 24. Bxd4 {[%clk 0:09:54]} exd4 {[%clk 0:11:51]} 25. Nf3
{[%clk 0:08:21]} Nc5 {[%clk 0:12:20]} 26. Nxd4 {[%clk 0:08:09]} Rxa4
{[%clk 0:12:46]} 27. Nc6 {[%clk 0:07:32]} Qd7 {[%clk 0:12:15]} 28. Rxa4
{[%clk 0:07:06]} Nxa4 {[%clk 0:12:44]} 29. f5 {[%clk 0:06:37]} Nc5
{[%clk 0:11:27]} 30. f6 {[%clk 0:05:28]} g6 {[%clk 0:11:56]} 31. Bc2
{[%clk 0:05:26]} Re8 {[%clk 0:08:56]} 32. Qh4 {[%clk 0:05:26]} Kh7
{[%clk 0:08:57]} 33. Rf4 {[%clk 0:04:22]} Ba6 {[%clk 0:03:19]} 34. Qg3
{[%clk 0:03:59]} Be2 {[%clk 0:03:34]} 35. Rh4 {[%clk 0:03:14]} h5
{[%clk 0:01:45]} 36. Qe3 {[%clk 0:03:23]} Bg4 {[%clk 0:00:46]} 37. h3
{[%clk 0:03:48]} Bf5 {[%clk 0:00:57]} 38. Qg5 {[%clk 0:03:54]} Nxe4
{[%clk 0:00:44]} 39. Rxh5+ {[%clk 0:04:08]} Kg8 {[%clk 0:01:13]} 40. Rh8+
{[%clk 0:34:29]} 1-0

[Event "European Youth Chess Championship B18"]
[Site "Prague, Top Hotel Prague"]
[Date "2012.08.20"]
[Round "4.7"]
[White "Sadzikowski, Daniel"]
[Black "Franklin, Samuel G A"]
[Result "1/2-1/2"]
[WhiteElo "2444"]
[BlackElo "2264"]
[PlyCount "0"]
[EventDate "2012.08.17"]

1. d4 {[%clk 1:30:58]} Nf6 {[%clk 1:30:29]} 2. c4 {[%clk 1:31:23]} g6
{[%clk 1:30:38]} 3. Nc3 {[%clk 1:31:49]} Bg7 {[%clk 1:30:34]} 4. e4
{[%clk 1:32:16]} d6 {[%clk 1:30:36]} 5. Be2 {[%clk 1:32:42]} O-O {[%clk 1:30:37]}
6. Bg5 {[%clk 1:33:09]} Na6 {[%clk 1:29:47]} 7. f4 {[%clk 1:33:30]} c6
{[%clk 1:28:03]} 8. Qd2 {[%clk 1:32:37]} Nc7 {[%clk 1:26:57]} 9. Bf3 Ne6
{[%clk 1:25:19]} 10. Bh4 {[%clk 1:33:23]} c5 {[%clk 1:25:15]} 11. dxc5
{[%clk 1:33:52]} Nxc5 {[%clk 1:25:27]} 12. Rd1 {[%clk 1:33:53]} Be6
{[%clk 1:23:33]} 13. b3 {[%clk 1:34:13]} a5 {[%clk 1:21:06]} 14. Nge2
{[%clk 1:34:30]} a4 {[%clk 1:20:41]} 15. Nd4 {[%clk 1:34:41]} axb3
{[%clk 1:20:15]} 16. axb3 {[%clk 1:35:10]} Qa5 {[%clk 1:19:27]} 17. O-O
{[%clk 1:33:05]} Qb6 {[%clk 1:18:13]} 18. Nxe6 {[%clk 1:17:37]} fxe6
{[%clk 1:07:22]} 19. e5 {[%clk 1:18:04]} Nfd7 {[%clk 0:51:57]} 20. Bxe7
{[%clk 0:45:01]} Rxf4 {[%clk 0:29:45]} 21. Bxd6 {[%clk 0:19:39]} Nxb3+
{[%clk 0:22:08]} 22. Qf2 {[%clk 0:19:27]} Qxf2+ {[%clk 0:22:32]} 23. Rxf2
{[%clk 0:19:15]} Nxe5 {[%clk 0:15:10]} 24. Bxb7 {[%clk 0:15:12]} Rxf2
{[%clk 0:15:22]} 25. Bxa8 {[%clk 0:15:35]} Rc2 {[%clk 0:13:46]} 26. Bb4
{[%clk 0:13:44]} Ng4 {[%clk 0:07:17]} 27. Rd8+ {[%clk 0:03:21]} Kf7
{[%clk 0:07:42]} 28. Rd7+ {[%clk 0:03:48]} Kg8 {[%clk 0:05:57]} 29. Rd8+
{[%clk 0:04:17]} Kf7 {[%clk 0:06:21]} 30. Rd7+ {[%clk 0:04:32]} Kg8
{[%clk 0:06:45]} 1/2-1/2

[Event "European Youth Chess Championship B18"]
[Site "Prague, Top Hotel Prague"]
[Date "2012.08.20"]
[Round "4.9"]
[White "Zhou, Yang-Fan"]
[Black "Pop, Alexandru"]
[Result "1-0"]
[WhiteElo "2430"]
[BlackElo "2271"]
[PlyCount "0"]
[EventDate "2012.08.17"]

1. e4 {[%clk 1:30:55]} e5 {[%clk 1:30:50]} 2. Nf3 {[%clk 1:31:19]} Nc6
{[%clk 1:31:16]} 3. d4 {[%clk 1:31:45]} exd4 {[%clk 1:31:36]} 4. Nxd4
{[%clk 1:32:09]} Nf6 {[%clk 1:32:02]} 5. Nxc6 {[%clk 1:32:29]} bxc6
{[%clk 1:32:27]} 6. e5 {[%clk 1:32:56]} Qe7 {[%clk 1:32:52]} 7. Qe2
{[%clk 1:33:22]} Nd5 {[%clk 1:33:18]} 8. c4 {[%clk 1:33:44]} Nb6 {[%clk 1:33:44]}
9. Nc3 {[%clk 1:33:41]} Bb7 {[%clk 1:33:44]} 10. Bf4 {[%clk 1:30:59]} O-O-O
{[%clk 1:29:57]} 11. O-O-O {[%clk 1:28:59]} g6 {[%clk 1:26:40]} 12. Qd2
{[%clk 1:13:11]} Re8 {[%clk 1:17:42]} 13. Bd3 {[%clk 1:11:14]} Bg7
{[%clk 1:17:27]} 14. Rhe1 {[%clk 1:06:14]} Qb4 {[%clk 1:03:34]} 15. Ne4
{[%clk 0:48:04]} Qxd2+ {[%clk 0:56:50]} 16. Nxd2 {[%clk 0:48:21]} c5
{[%clk 0:55:05]} 17. Be4 {[%clk 0:40:21]} f6 {[%clk 0:50:42]} 18. exf6
{[%clk 0:37:18]} Bxf6 {[%clk 0:51:05]} 19. Bxb7+ {[%clk 0:37:07]} Kxb7
{[%clk 0:51:29]} 20. b3 {[%clk 0:35:30]} Bd4 {[%clk 0:46:30]} 21. Bg3
{[%clk 0:32:27]} a5 {[%clk 0:22:48]} 22. Nf3 {[%clk 0:31:39]} Bc3
{[%clk 0:22:52]} 23. Rxe8 {[%clk 0:31:30]} Rxe8 {[%clk 0:23:16]} 24. Kc2
{[%clk 0:30:04]} Bb4 {[%clk 0:22:36]} 25. Kd3 {[%clk 0:30:26]} d5
{[%clk 0:18:52]} 26. Ne5 {[%clk 0:24:07]} d4 {[%clk 0:17:48]} 27. h4
{[%clk 0:23:29]} a4 {[%clk 0:17:58]} 28. h5 {[%clk 0:23:10]} gxh5
{[%clk 0:16:36]} 29. Ke4 {[%clk 0:14:37]} axb3 {[%clk 0:15:38]} 30. axb3
{[%clk 0:15:05]} Nd7 {[%clk 0:15:50]} 31. Kf5 {[%clk 0:13:43]} h4
{[%clk 0:14:46]} 32. Nxd7 {[%clk 0:11:37]} hxg3 {[%clk 0:15:12]} 33. fxg3
{[%clk 0:12:03]} Re3 {[%clk 0:14:46]} 34. g4 {[%clk 0:12:31]} d3 {[%clk 0:14:44]}
35. Kf4 {[%clk 0:12:27]} Re7 {[%clk 0:15:03]} 36. Rxd3 {[%clk 0:12:42]} Kc8
{[%clk 0:13:47]} 37. Nf6 {[%clk 0:11:36]} Rf7 {[%clk 0:13:51]} 38. Kf5
{[%clk 0:10:56]} 1-0

[Event "European Youth Chess Championship B18"]
[Site "Prague, Top Hotel Prague"]
[Date "2012.08.20"]
[Round "4.10"]
[White "Kadric, Denis"]
[Black "Schreiner, Till"]
[Result "1-0"]
[WhiteElo "2418"]
[BlackElo "2234"]
[PlyCount "0"]
[EventDate "2012.08.17"]

1. e4 {[%clk 1:30:57]} c5 {[%clk 1:30:55]} 2. Nc3 {[%clk 1:31:02]} Nc6
{[%clk 1:30:21]} 3. f4 {[%clk 1:31:10]} g6 {[%clk 1:29:45]} 4. Nf3
{[%clk 1:31:04]} Bg7 {[%clk 1:30:04]} 5. Bb5 {[%clk 1:31:28]} Nd4
{[%clk 1:29:47]} 6. O-O {[%clk 1:31:49]} Nxb5 {[%clk 1:29:25]} 7. Nxb5
{[%clk 1:32:13]} d5 {[%clk 1:29:10]} 8. e5 {[%clk 1:32:37]} Bg4 {[%clk 1:26:54]}
9. d4 {[%clk 1:33:01]} a6 {[%clk 1:26:42]} 10. Nc3 {[%clk 1:33:27]} cxd4
{[%clk 1:26:00]} 11. Qxd4 {[%clk 1:33:52]} Bxf3 {[%clk 1:26:12]} 12. Rxf3
{[%clk 1:34:18]} e6 {[%clk 1:26:30]} 13. Qb4 {[%clk 1:25:57]} Qc7
{[%clk 1:08:24]} 14. Qa4+ {[%clk 1:20:09]} Qd7 {[%clk 0:48:34]} 15. Qxd7+
{[%clk 1:19:57]} Kxd7 {[%clk 0:48:58]} 16. Na4 {[%clk 1:20:23]} Ke8
{[%clk 0:46:45]} 17. Rb3 {[%clk 1:10:59]} b5 {[%clk 0:44:56]} 18. Nc5
{[%clk 1:11:17]} Bf8 {[%clk 0:39:47]} 19. Be3 {[%clk 1:05:44]} Nh6
{[%clk 0:32:58]} 20. Nd3 {[%clk 1:05:40]} Nf5 {[%clk 0:26:36]} 21. Bf2
{[%clk 1:05:52]} Rb8 {[%clk 0:23:56]} 22. a4 {[%clk 1:03:38]} b4 {[%clk 0:23:21]}
23. c3 {[%clk 1:03:59]} a5 {[%clk 0:22:38]} 24. g4 {[%clk 1:02:15]} Nh6
{[%clk 0:22:30]} 25. h3 {[%clk 1:02:37]} Kd7 {[%clk 0:20:04]} 26. cxb4
{[%clk 0:56:38]} Bxb4 {[%clk 0:18:19]} 27. Nxb4 {[%clk 0:56:06]} axb4
{[%clk 0:13:46]} 28. a5 {[%clk 0:55:49]} Rb5 {[%clk 0:12:33]} 29. a6
{[%clk 0:41:52]} Ra8 {[%clk 0:12:42]} 30. Ra4 {[%clk 0:41:36]} Kc7
{[%clk 0:09:14]} 31. Be1 {[%clk 0:39:10]} Kb6 {[%clk 0:04:49]} 32. a7
{[%clk 0:35:44]} Ng8 {[%clk 0:03:07]} 33. Rbxb4 {[%clk 0:36:03]} Rxb4
{[%clk 0:02:36]} 34. Bxb4 {[%clk 0:36:29]} Kb5 {[%clk 0:02:27]} 35. b3
{[%clk 0:36:54]} h5 {[%clk 0:01:45]} 36. g5 {[%clk 0:37:02]} Kb6 {[%clk 0:01:58]}
37. Bd6 {[%clk 0:31:34]} Kb7 {[%clk 0:01:59]} 38. Rb4+ {[%clk 0:31:23]} Ka6
{[%clk 0:01:34]} 39. Bc5 {[%clk 0:31:36]} 1-0

[Event "European Youth Chess Championship B18"]
[Site "Prague, Top Hotel Prague"]
[Date "2012.08.20"]
[Round "4.11"]
[White "Horvat, Dan-Sebastian"]
[Black "Tilicheev, Viacheslav"]
[Result "1-0"]
[WhiteElo "2242"]
[BlackElo "2416"]
[PlyCount "105"]
[EventDate "2012.08.17"]

1. e4 c5 2. Nf3 d6 3. d4 cxd4 4. Nxd4 Nf6 5. Nc3 a6 6. Bc4 e6 7. Bb3 Be7 8. Be3
Nc6 9. Qe2 O-O 10. O-O-O Qe8 11. Rhg1 Nd7 12. Nxc6 bxc6 13. Bf4 d5 14. exd5
cxd5 15. Nxd5 exd5 16. Rge1 Nc5 17. Qxe7 Nxb3+ 18. axb3 Be6 19. Qxe8 Rfxe8 20.
Rd4 Rec8 21. Kd2 Rc6 22. c3 Rb6 23. b4 Rc8 24. Ra1 Rcc6 25. Ra5 Rb5 26. Be3
Rxa5 27. bxa5 Rc4 28. Rd3 Ra4 29. b4 Ra2+ 30. Ke1 Kf8 31. Bd2 Bg4 32. f3 Be6
33. g4 Ke7 34. h4 Kd6 35. Kf2 Kc6 36. Ke3 Ra1 37. Kd4 h5 38. Ke5 hxg4 39. fxg4
Rg1 40. c4 dxc4 41. Rd6+ Kc7 42. Rxa6 Rd1 43. Bc3 Rd3 44. Bd4 f6+ 45. Kxe6 Rxd4
46. b5 Rxg4 47. Rc6+ Kb8 48. b6 Rxh4 49. a6 Rh8 50. b7 g5 51. Kd7 Rh7+ 52. Kd6
Rh8 53. Kc5 1-0

[Event "European Youth Chess Championship B18"]
[Site "Prague, Top Hotel Prague"]
[Date "2012.08.20"]
[Round "4.12"]
[White "Sochacki, Christophe"]
[Black "Blazeka, Matej"]
[Result "1-0"]
[WhiteElo "2412"]
[BlackElo "2245"]
[PlyCount "35"]
[EventDate "2012.08.17"]

1. e4 e5 2. Nf3 Nc6 3. d4 exd4 4. Nxd4 Bc5 5. Nb3 Bb6 6. Nc3 Nf6 7. Qe2 d6 8.
Be3 Bxe3 9. Qxe3 O-O 10. O-O-O Re8 11. f3 Qe7 12. g4 Qe5 13. g5 Nh5 14. Nd5 Re7
15. Be2 f6 16. Rhg1 Bh3 17. Nd2 Kh8 18. Nc4 1-0

[Event "European Youth Chess Championship B18"]
[Site "Prague, Top Hotel Prague"]
[Date "2012.08.20"]
[Round "4.13"]
[White "Gaehwiler, Gabriel"]
[Black "Horvath, David"]
[Result "0-1"]
[WhiteElo "2267"]
[BlackElo "2376"]
[PlyCount "42"]
[EventDate "2012.08.17"]

1. d4 e6 2. Nf3 Nf6 3. c4 d5 4. g3 dxc4 5. Bg2 c5 6. O-O Nc6 7. Qa4 Bd7 8. Qxc4
b5 9. Qd3 Rc8 10. dxc5 Bxc5 11. Bg5 Nb4 12. Qd1 Nc2 13. Nc3 Nxa1 14. Qxa1 Bc6
15. Ne5 Bxg2 16. Kxg2 b4 17. Na4 Qd5+ 18. Nf3 Be7 19. b3 O-O 20. Rd1 Qe4 21.
Nb2 Rc2 0-1

[Event "European Youth Chess Championship B18"]
[Site "Prague, Top Hotel Prague"]
[Date "2012.08.20"]
[Round "4.14"]
[White "Savitskiy, Sergey"]
[Black "Drnovsek, Gal"]
[Result "1-0"]
[WhiteElo "2368"]
[BlackElo "2177"]
[PlyCount "71"]
[EventDate "2012.08.17"]

1. e4 c5 2. Nf3 d6 3. d4 cxd4 4. Qxd4 Nc6 5. Bb5 Bd7 6. Bxc6 Bxc6 7. Nc3 Nf6 8.
Bg5 e6 9. Qd3 Be7 10. Nd4 Qb6 11. O-O-O O-O-O 12. Be3 Qa5 13. Nb3 Qa6 14. Qxa6
bxa6 15. f3 Rd7 16. Na5 Ba8 17. g4 Rc7 18. Bf4 Rd8 19. Rd3 Ne8 20. Rhd1 Bf6 21.
Na4 Rcd7 22. c4 Be7 23. Kb1 Nc7 24. Be3 Ne8 25. Rc1 Rc7 26. Bf4 Bc6 27. Nc3 Bf6
28. c5 Be5 29. Bxe5 dxe5 30. Rxd8+ Kxd8 31. Rd1+ Kc8 32. b4 g6 33. g5 Ba8 34.
Nc4 Ng7 35. Nxe5 a5 36. Nb5 1-0

[Event "European Youth Chess Championship B18"]
[Site "Prague, Top Hotel Prague"]
[Date "2012.08.20"]
[Round "4.15"]
[White "Pagerka, Martin"]
[Black "Givon, Asaf"]
[Result "1/2-1/2"]
[WhiteElo "2258"]
[BlackElo "2340"]
[PlyCount "76"]
[EventDate "2012.08.17"]

1. e4 c5 2. Nf3 d6 3. d4 cxd4 4. Nxd4 Nf6 5. Nc3 a6 6. Be3 e5 7. Nb3 Be6 8. f3
h5 9. Qd2 Nbd7 10. Be2 b5 11. a4 b4 12. Nd5 Bxd5 13. exd5 Nb6 14. Bg5 Nbxd5 15.
a5 Be7 16. Bc4 O-O 17. Rd1 Qc7 18. Qd3 Qa7 19. Ke2 Rfd8 20. Qf5 Nf4+ 21. Bxf4
exf4 22. Rhe1 d5 23. Bd3 Bc5 24. Nxc5 Qxc5 25. Qxf4 Qxa5 26. Qd4 Qc7 27. g3 a5
28. Kf1 Qa7 29. Qf4 Re8 30. g4 hxg4 31. fxg4 Qc5 32. Qf5 Qc7 33. g5 Ne4 34. g6
Re5 35. Qxf7+ Qxf7+ 36. gxf7+ Kxf7 37. Bxe4 dxe4 38. Rd7+ Kg8 {...46.moves.}
1/2-1/2

[Event "European Youth Chess Championship B18"]
[Site "Prague, Top Hotel Prague"]
[Date "2012.08.20"]
[Round "4.16"]
[White "Doros, Radu-Marian"]
[Black "Rubes, Jan"]
[Result "1-0"]
[WhiteElo "2338"]
[BlackElo "2097"]
[PlyCount "101"]
[EventDate "2012.08.17"]

1. e4 c5 2. Nf3 d6 3. d4 cxd4 4. Nxd4 Nf6 5. Nc3 a6 6. Be3 e5 7. Nb3 Be6 8. Qd2
Nbd7 9. f3 Be7 10. O-O-O b5 11. g4 Nb6 12. Qf2 Nc4 13. Bxc4 bxc4 14. Nc5 O-O
15. N5a4 Rb8 16. Kb1 Qc7 17. g5 Nh5 18. Nd5 Bxd5 19. Rxd5 Rb4 20. b3 Rfb8 21.
Nb2 a5 22. Ka1 c3 23. Nd3 R4b5 24. Rxb5 Rxb5 25. a4 Rb8 26. Rd1 Nf4 27. Nxf4
exf4 28. Bxf4 Rb4 29. Qe3 Qc6 30. Rd4 Qc5 31. Rxb4 Qxb4 32. Kb1 Bf8 33. Qd3 d5
34. Be5 dxe4 35. fxe4 Qe7 36. Qg3 Qe6 37. Bxc3 Qxe4 38. Bxa5 Qd5 39. Bc3 Bd6
40. Qe1 h6 41. gxh6 gxh6 42. Qe8+ Kh7 43. Qh8+ Kg6 44. Qf6+ Kh5 45. h3 Qe6 46.
Qxe6 fxe6 47. a5 Kh4 48. a6 Bc5 49. b4 Bb6 50. Bf6+ Kxh3 51. Be7 1-0

[Event "European Youth Chess Championship B18"]
[Site "Prague, Top Hotel Prague"]
[Date "2012.08.20"]
[Round "4.18"]
[White "Andreev, Sasho"]
[Black "Ochsner, Bjorn Moller"]
[Result "1/2-1/2"]
[WhiteElo "2197"]
[BlackElo "2290"]
[PlyCount "130"]
[EventDate "2012.08.17"]

1. d4 Nf6 2. c4 g6 3. Nc3 Bg7 4. e4 d6 5. Nf3 O-O 6. Be2 Na6 7. O-O e5 8. Be3
Ng4 9. Bg5 Qe8 10. dxe5 dxe5 11. h3 h6 12. Bd2 Nf6 13. Be3 Qe7 14. Nd5 Qd8 15.
Nxf6+ Qxf6 16. c5 Nb8 17. Qc1 Kh7 18. b4 a6 19. Rd1 Nc6 20. Rb1 Qe7 21. a4 f5
22. b5 axb5 23. axb5 fxe4 24. bxc6 exf3 25. Bxf3 e4 26. cxb7 Bxb7 27. c6 Bc8
28. Bc5 Qe5 29. Bxf8 Bxf8 30. Bg4 Bxg4 31. hxg4 Bd6 32. g3 Rf8 33. Rb3 g5 34.
Re1 Bc5 35. Re2 e3 36. Rbxe3 Bxe3 37. Rxe3 Qf6 38. Qc2+ Kg7 39. Rd3 Rf7 40. Rd5
Qf3 41. Rd7 Qf6 42. Qc5 Kg6 43. Qc2+ Kg7 44. Qc5 Kg6 45. Rd2 Qe6 46. Qc2+ Kg7
47. Rd4 Qe1+ 48. Kg2 Qe5 49. Qe4 Qxe4+ 50. Rxe4 Rf6 51. Re7+ Rf7 52. Rxf7+ Kxf7
53. f4 Ke6 54. Kf3 Kd5 55. Ke3 Kxc6 56. Kd4 Kd6 57. f5 c6 58. Kc4 c5 59. Kd3
Kd5 60. Kc3 Ke5 61. Kc4 Kd6 62. f6 Ke6 63. Kxc5 Kxf6 64. Kd6 Kg6 65. Ke5 Kg7
1/2-1/2